All Quebec MPs and Federal Ridings - Statistics

General Stats
  • This quiz has been taken 5 times
  • The average score is 55 of 156
Answer Stats
Riding/MP % Correct
Yves-François Blanchet
100%
Beloeil—Chambly
80%
Mélanie Joly
80%
Abitibi—Baie-James—Nunavik—Eeyou
60%
Abitibi—Témiscamingue
60%
Ahuntsic-Cartierville
60%
Alexandre Boulerice
60%
Beauharnois—Salaberry—Soulanges—Huntingdon
60%
Bellechasse—Les Etchemins—Lévis
60%
Brome—Missisquoi
60%
Brossard—Saint-Lambert
60%
Dorval—Lachine—LaSalle
60%
François-Philippe Champagne
60%
Gaspésie—Les Îles-de-la-Madeleine—Listuguj
60%
Gatineau
60%
Gérard Deltell
60%
Jean-Yves Duclos
60%
La Prairie—Atateken
60%
LaSalle—Émard—Verdun
60%
Lévis—Lotbinière
60%
Longueuil—Saint-Hubert
60%
Papineau
60%
Pierre-Boucher—Les Patriotes—Verchères
60%
Pierre Paul-Hus
60%
Québec Centre
60%
Repentigny
60%
Rimouski—La Matapédia
60%
Rosemont—La Petite-Patrie
60%
Tatiana Auguste
60%
Terrebonne
60%
Alexandra Mendès
40%
Argenteuil—La Petite-Nation
40%
Beauce
40%
Beauport—Limoilou
40%
Bécancour—Nicolet—Saurel—Alnôbak
40%
Berthier—Maskinongé
40%
Bourassa
40%
Carlos Leitão
40%
Charlesbourg—Haute-Saint-Charles
40%
Châteauguay—Les Jardins-de-Napierville
40%
Chicoutimi—Le Fjord
40%
Compton—Stanstead
40%
Côte-Nord—Kawawachikamach—Nitassinan
40%
Dominique Vien
40%
Drummond
40%
Eric Lefebvre
40%
Eric St-Pierre
40%
Fayçal El-Khoury
40%
Gabriel Hardy
40%
Greg Fergus
40%
Hochelaga—Rosemont-Est
40%
Honoré-Mercier
40%
Hull—Aylmer
40%
Jacques Gourde
40%
Jacques Ramsay
40%
Jean-Denis Garon
40%
Joël Lightbound
40%
Joliette—Manawan
40%
Jonquière
40%
La Pointe-de-l'Île
40%
Laurentides—Labelle
40%
Laval—Les Îles
40%
Les Pays-d'en-Haut
40%
Longueuil—Charles-LeMoyne
40%
Louis-Hébert
40%
Louis Plamondon
40%
Louis-Saint-Laurent—Akiawenhrahk
40%
Marc Miller
40%
Mario Simard
40%
Marjorie Michel
40%
Mirabel
40%
Montcalm
40%
Montmorency—Charlevoix
40%
Mont-Saint-Bruno—L'Acadie
40%
Outremont
40%
Pierrefonds—Dollard
40%
Pontiac—Kitigan Zibi
40%
Portneuf—Jacques-Cartier
40%
Richard Martel
40%
Richmond—Arthabaska
40%
Rivière-du-Nord
40%
Saint-Hyacinthe—Bagot—Acton
40%
Saint-Jean
40%
Saint-Laurent
40%
Saint-Maurice—Champlain
40%
Shefford
40%
Sherbrooke
40%
Simon-Pierre Savard-Tremblay
40%
Sophie Chatel
40%
Steven Guilbeault
40%
Steven MacKinnon
40%
Yves Perron
40%
Abdelhaq Sari
20%
Alexis Brunelle-Duceppe
20%
Alexis Deschênes
20%
Alfred-Pellan
20%
Andréanne Larouche
20%
Anna Gainey
20%
Annie Koutrakis
20%
Anthony Housefather
20%
Bernard Généreux
20%
Bienvenu-Olivier Ntumba
20%
Caroline Desrochers
20%
Christine Normandin
20%
Claude DeBellefeuille
20%
Claude Guay
20%
Côte-du-Sud—Rivière-du-Loup—Kataskomiq—Témiscouata
20%
Élisabeth Brière
20%
Emmanuella Lambropoulos
20%
Gabriel Ste-Marie
20%
Jason Groleau
20%
Joël Godin
20%
Lac-Saint-Jean
20%
Lac-Saint-Louis
20%
Laurier—Sainte-Marie
20%
Linda Lapointe
20%
Louis Villeneuve
20%
Luc Berthold
20%
Luc Thériault
20%
Madeleine Chenette
20%
Marc-Aurèle-Fortin
20%
Marianne Dandurand
20%
Marie-Hélène Gaudreau
20%
Marilène Gill
20%
Mario Beaulieu
20%
Martin Champoux
20%
Maxime Blanchette-Joncas
20%
Mégantic—L'Érable—Lotbinière
20%
Mount Royal
20%
Nathalie Provost
20%
Natilien Joseph
20%
Notre-Dame-de-Grâce—Westmount
20%
Patricia Lattanzio
20%
Patrick Bonin
20%
Rachel Bendayan
20%
Rhéal Éloi Fortin
20%
Rivière-des-Mille-Îles
20%
Saint-Léonard—Saint-Michel
20%
Sameer Zuberi
20%
Sébastien Lemire
20%
Sherry Romanado
20%
Steeve Lavoie
20%
Stéphane Lauzon
20%
Thérèse-De Blainville
20%
Tim Watchorn
20%
Trois-Rivières
20%
Vaudreuil
20%
Vimy
20%
Xavier Barsalou-Duval
20%
Angelo Iacono
0%
Anju Dhillon
0%
Francis Scarpaleggia
0%
Mandy Gull-Masty
0%
Marie-Gabrielle Ménard
0%
Peter Schiefke
0%
Ville-Marie—Le Sud-Ouest—Île-des-Soeurs
0%
No matching quizzes found
Score Distribution
Percent of People with Each Score
Percentile by Number Answered
Your Score History
You have not taken this quiz